A Recipe for Bees / (Record no. 5235)

MARC details
000 -LEADER
fixed length control field 01641nam a22003017a 4500
001 - CONTROL NUMBER
control field 5235
003 - CONTROL NUMBER IDENTIFIER
control field FISKH
005 - DATE AND TIME OF LATEST TRANSACTION
control field 20241120144543.0
008 - FIXED-LENGTH DATA ELEMENTS--GENERAL INFORMATION
fixed length control field 241120b cb ||||| |||| 00| 0 eng d
020 ## - INTERNATIONAL STANDARD BOOK NUMBER
International Standard Book Number 0676971008
040 ## - CATALOGING SOURCE
Original cataloging agency FISKH
Language of cataloging eng
Transcribing agency FISKH
Modifying agency FISKH
050 ## - LIBRARY OF CONGRESS CALL NUMBER
Classification number PR9199.A49
082 ## - DEWEY DECIMAL CLASSIFICATION NUMBER
Classification number 813.54
100 ## - MAIN ENTRY--PERSONAL NAME
Personal name Dargatz, Gail Anderson
245 ## - TITLE STATEMENT
Title A Recipe for Bees /
Statement of responsibility, etc. by Gail Anderson-Dargatz
260 ## - PUBLICATION, DISTRIBUTION, ETC.
Place of publication, distribution, etc. Toronto :
Name of publisher, distributor, etc. Alfred A.Knopf Canada ;
Date of publication, distribution, etc. 1998 .
300 ## - PHYSICAL DESCRIPTION
Extent 311 pages :
Other physical details illustrations ;
Dimensions 23 cm .
505 ## - FORMATTED CONTENTS NOTE
Formatted contents note X <br/>
520 ## - SUMMARY, ETC.
Summary, etc. Gail Anderson-Dargatz's evocative novel of one woman's simple but passionately lived life reminds of us of the pleasure to be found in human contact and simple, natural things. Raised by her silent but companionable father and a mother who kept bees, headstrong Augusta marries shy, deferential Karl, twelve years her senior, and goes to live with him on his father's remote farm. Terrified that she will literally die from loneliness and isolation, she finds work in town, and for a short time, fulfillment with another man in a romance that will reverberate throughout her life. Not until many years later does she find her salvation in beekeeping, the practice she first learned from her mother. It is beekeeping that reconnects her to the world and at long last brings fire to her steadfast marriage.
521 8# - TARGET AUDIENCE NOTE
Target audience note 890 <br/>
Source Lexile estimate <br/><br/>
521 8# - TARGET AUDIENCE NOTE
Target audience note X <br/>
Source Raz-Plus <br/>
650 ## - SUBJECT ADDED ENTRY--TOPICAL TERM
Topical term or geographic name entry element beekeeping
Form subdivision non-fiction
650 ## - SUBJECT ADDED ENTRY--TOPICAL TERM
Topical term or geographic name entry element Canadian
Form subdivision non-fiction
650 ## - SUBJECT ADDED ENTRY--TOPICAL TERM
Topical term or geographic name entry element British Columbia
Form subdivision non-fiction
700 ## - ADDED ENTRY--PERSONAL NAME
Personal name Boyce, Pleuke
Relator term translator
942 ## - ADDED ENTRY ELEMENTS (KOHA)
Source of classification or shelving scheme Dewey Decimal Classification
Koha item type Books
Suppress in OPAC No
Holdings
Withdrawn status Lost status Source of classification or shelving scheme Damaged status Not for loan Collection Home library Current library Shelving location Date acquired Total Checkouts Full call number Barcode Date last seen Date last checked out Price effective from Koha item type
    Dewey Decimal Classification     Fiction Footprints International School Library Network Toul Tom Poung Campus Footprints International School Library Network Toul Tom Poung Campus TTP Secondary Fiction Bookshelves 11/20/2024 2 DAR 813.54 PR9199.A49 FISSE03392 01/08/2026 01/06/2026 11/20/2024 Books